|
|
|
|
| LEADER |
00000nam0a2200000 4500 |
| 001 |
123492 |
| 005 |
20231031130504.0 |
| 010 |
|
|
|a 5699081674
|
| 035 |
|
|
|a (RuTPU)RU\TPU\book\133670
|
| 035 |
|
|
|a RU\TPU\book\72870
|
| 090 |
|
|
|a 123492
|
| 100 |
|
|
|a 20071017d2004 m y0rusy50 ca
|
| 101 |
0 |
|
|a rus
|
| 102 |
|
|
|a RU
|
| 105 |
|
|
|a y z 000ay
|
| 200 |
1 |
|
|a Рабин Гут
|e фантастический Роман
|f А. Лютый
|
| 210 |
|
|
|a Москва
|c ЭКСМО-Пресс
|d 2004
|
| 215 |
|
|
|a 480 с.
|
| 225 |
1 |
|
|a Юмористическая фантастика
|
| 330 |
|
|
|a Менты— они и в Камелоте менты. И не важно, что перенеслись в VI век совершенно случайно, после празднования Дня милиции и попытки задержания на территории вверенного им участка неких Мерлина, Артура и Ланселота, оказавших, между прочим, вооруженное сопротивление. Теперь перед лихой троицей в составе кинолога Сени Рабиновича, криминалиста Андрюши Попова и омоновца Вани Жомова стоит задача: вернуться домой, дабы ликвидировать сбой в функционировании Спирали Времени, спасти мир и не опоздать на службу. И она будет решена. С помощью сознательных представителей местного населения, одного огнедышащего дракона, философского камня и совершенно без водки. Ну, почти...
|
| 610 |
1 |
|
|a русская литература
|
| 610 |
1 |
|
|a романы
|
| 610 |
1 |
|
|a фантастика
|
| 610 |
1 |
|
|a юмор
|
| 675 |
|
|
|a Р2
|v 3
|
| 700 |
|
1 |
|a Лютый
|b А.
|g Алексей
|
| 801 |
|
1 |
|a RU
|b 63413507
|c 20041005
|g PSBO
|
| 801 |
|
2 |
|a RU
|b 63413507
|c 20071025
|g PSBO
|
| 942 |
|
|
|c BK
|